000 00466nam a2200181Ia 4500
999 _c8907
_d8907
003 OSt
005 20210811130446.0
008 151021s9999 xx 000 0 und d
020 _a908573018x
040 _aMMU
_beng
_cMMU
_dMMU
050 _aSB 190 .H5 2005
245 _aGranaries :
_cHoohland Martien.
260 _aNetherland :
_bAgromisa foundation,
_c 2005.
300 _a79 p. :
650 _agranary
700 _aPeter Holen
942 _2lcc
_cLOAN LOAN